000 00994nam a2200313 n 4500
001 C2-0244779
003 PPAK
005 20220220163026.0
008 030121s1983 my aob g o 0 may d
020 _qpaperback
040 _aPPAK
_beng
_cPPAK
_erda
082 0 4 _a306.409595
_223
090 0 0 _a306.409595
_bAZI
_dKAM
090 2 0 _a306.409595
_bAZI
_dKIH
090 2 0 _a306.409595
_bAZI
_dKK
090 2 0 _a306.409595
_bAZI
_dKSI
090 2 0 _a306.409595
_bAZI
_dKSS
090 2 0 _a306.409595
_bAZI
_dKAO
100 0 _aAziz Deraman,
_eauthor.
245 1 0 _aPERANCANGAN DAN PENTADBIRAN KEBUDAYAAN DI MALAYSIA /
_coleh Aziz Deraman
264 1 _aKuala Lumpur :
_bKementerian Kebudayaan Belia dan Sukan ,
_c1983
300 _a45 pages :
_bcolour photographs, maps ;
_c22 cm
336 _2rdacontent
_atext
337 _2rdamedia
_aunmediated
338 _2rdacarrier
_avolume
500 _aSiri kebudayaan Kebangsaan Bil.27
650 1 0 _aMalaysia
_vSocial life and customs.
942 _cB
_2ddc
999 _c58963
_d58963